| 000 | 00856nam a22001817a 4500 | ||
|---|---|---|---|
| 003 | AM-YeHGA | ||
| 040 | _aAM-YeHGA | ||
| 090 | _c432924 | ||
| 005 | 20250617155316.0 | ||
| 008 | 190422s ||||| |||| 00| 0 rus d | ||
| 041 | 0 | _arus | |
| 100 | 1 | _aПетухов, Евгений Вячеславович | |
| 245 | 0 | 0 |
_aОчерки из литературной истории Синодика: _b1. Судьбы текста чина православия на русской почве до половины XVIII века. 2. Литературные элементы Синодика как народной книги в XVII и XVIII веках / _cЕ. Петухов |
| 260 |
_aСанкт-Петербург : _bБ. и., _c1895 |
||
| 300 | _a406 с. | ||
| 653 | 0 | _aСинодик - Литературная история | |
| 942 |
_2udc _cBK |
||
| 999 |
_c430370 _d430370 |
||